000 01188nam a22002897a 4500
005 20231220200255.0
008 231220b |||||||| |||| 00| 0 eng d
020 _a9580475393
037 _3Donación
040 _aCO-JMCR
_cCO-JMCR
_dCO-JMCR
_erda
041 _aspa
082 _aC
_bRYLc
100 _aRylant, Cynthia
_eautor
_943128
245 _aEl caso de la perezosa dormilona /
_cCynthia Rylant; ilustraciones G Brian Karas; traducción de Cristina Puerta
246 _aThe case of the sleepy sloth
260 _aBogotá:
_bEditorial norma,
_c2003
300 _a48 páginas;
_bIlustraciones a color,
_c20 cm
490 _aTorre de papel
520 _aDos hábiles investigadores privados, Jack y Boni, se enfrentan a su primer caso. A partir de la observación y del sentido común, verán cómo lo que parece difícil de descubrir, está al alcance de la mano
521 _aInfantil
650 _2JMCR
_aCuentos infantiles
_zEstados unidos
_943129
650 _2JMCR
_aCuentos infantiles
650 _2JMCR
_aDetectives
_vCuentos
_943130
700 _aKaras, Brian G.
_eIlustrador
_943131
700 _aPuerta, Cristina
_eTraductor
_9131
942 _2ddc
_cBK
999 _c30490
_d16874